Among the dead cities : (Record no. 15403)

000 -LEADER
fixed length control field 01865cam a22004094a 4500
001 - CONTROL NUMBER
control field 14200736
005 - DATE AND TIME OF LATEST TRANSACTION
control field 20170105102917.0
008 - FIXED-LENGTH DATA ELEMENTS--GENERAL INFORMATION
fixed length control field 051215s2006 nyuab b 001 0deng
010 ## - LIBRARY OF CONGRESS CONTROL NUMBER
LC control number 2005058597
020 ## - INTERNATIONAL STANDARD BOOK NUMBER
International Standard Book Number 9780802714718
020 ## - INTERNATIONAL STANDARD BOOK NUMBER
International Standard Book Number 0802714714
035 ## - SYSTEM CONTROL NUMBER
System control number (OCoLC)ocm62741565
040 ## - CATALOGING SOURCE
Original cataloging agency DLC
Transcribing agency DLC
Modifying agency C#P
-- BAKER
-- DLC
042 ## - AUTHENTICATION CODE
Authentication code pcc
043 ## - GEOGRAPHIC AREA CODE
Geographic area code n-us---
-- ew-----
-- a-ja---
050 00 - LIBRARY OF CONGRESS CALL NUMBER
Classification number D790.2
Item number .G73 2006
082 00 - DEWEY DECIMAL CLASSIFICATION NUMBER
Classification number 940.54/497301
Edition number 22
100 1# - MAIN ENTRY--PERSONAL NAME
Personal name Grayling, A. C.
245 10 - TITLE STATEMENT
Title Among the dead cities :
Remainder of title the history and moral legacy of the WWII bombing of civilians in Germany and Japan /
Statement of responsibility, etc. A.C. Grayling.
250 ## - EDITION STATEMENT
Edition statement 1st U.S. ed.
260 ## - PUBLICATION, DISTRIBUTION, ETC.
Place of publication, distribution, etc. New York :
Name of publisher, distributor, etc. Walker & Co. :
-- Distributed to the trade by Holtzbrinck Publishers,
Date of publication, distribution, etc. 2006.
300 ## - PHYSICAL DESCRIPTION
Extent xii, 361 p. :
Other physical details ill., maps ;
Dimensions 25 cm.
504 ## - BIBLIOGRAPHY, ETC. NOTE
Bibliography, etc. note Includes bibliographical references (p. [345]-348) and index.
650 #0 - SUBJECT ADDED ENTRY--TOPICAL TERM
Topical term or geographic name entry element World War, 1939-1945
General subdivision Aerial operations, American
-- Moral and ethical aspects.
650 #0 - SUBJECT ADDED ENTRY--TOPICAL TERM
Topical term or geographic name entry element World War, 1939-1945
General subdivision Aerial operations, British
-- Moral and ethical aspects.
650 #0 - SUBJECT ADDED ENTRY--TOPICAL TERM
Topical term or geographic name entry element World War, 1939-1945
General subdivision Moral and ethical aspects.
650 #0 - SUBJECT ADDED ENTRY--TOPICAL TERM
Topical term or geographic name entry element World War, 1939-1945
General subdivision Casualties
Geographic subdivision Germany.
650 #0 - SUBJECT ADDED ENTRY--TOPICAL TERM
Topical term or geographic name entry element World War, 1939-1945
General subdivision Casualties
Geographic subdivision Japan.
650 #0 - SUBJECT ADDED ENTRY--TOPICAL TERM
Topical term or geographic name entry element Bombing, Aerial
General subdivision Moral and ethical aspects
Geographic subdivision Germany.
650 #0 - SUBJECT ADDED ENTRY--TOPICAL TERM
Topical term or geographic name entry element Bombing, Aerial
General subdivision Moral and ethical aspects
Geographic subdivision Japan.
650 #0 - SUBJECT ADDED ENTRY--TOPICAL TERM
Topical term or geographic name entry element Civilian war casualties
Geographic subdivision Germany
General subdivision History
Chronological subdivision 20th century.
650 #0 - SUBJECT ADDED ENTRY--TOPICAL TERM
Topical term or geographic name entry element Civilian war casualties
Geographic subdivision Japan
General subdivision History
Chronological subdivision 20th century.
856 42 - ELECTRONIC LOCATION AND ACCESS
Materials specified Publisher description
Uniform Resource Identifier <a href="http://www.loc.gov/catdir/enhancements/fy0665/2005058597-d.html">http://www.loc.gov/catdir/enhancements/fy0665/2005058597-d.html</a>
906 ## - LOCAL DATA ELEMENT F, LDF (RLIN)
a 7
b cbc
c orignew
d 1
e ocip
f 20
g y-gencatlg
942 ## - ADDED ENTRY ELEMENTS (KOHA)
Source of classification or shelving scheme
Koha item type Book
Holdings
Withdrawn status Lost status Damaged status Not for loan Collection code Permanent Location Current Location Shelving location Date acquired Total Checkouts Full call number Barcode Date last seen Date last checked out Price effective from Koha item type
          Centre for International Peace & Stability (CIPS) Centre for International Peace & Stability (CIPS) General Stacks 10/02/2013 1 940.54497301 GRA 2006 CIPS0002342 11/26/2021 11/19/2021 12/02/2013 Book
© 2023 Central Library, National University of Sciences and Technology. All Rights Reserved.